000 00297nam a2200121Ia 4500
005 20260326100047.0
008 260326s9999||||xx |||||||||||||| ||und||
100 _aWarpole, Ken
245 0 _aLast Landscapes /
_cKen Warpole
260 _bReaktion Books
650 _aARQUITECTURA CIVIL
942 _cBK
999 _c7255
_d7255